Cultura generale ITA #5 - Statistics

Statistiche generali
  • Questo quiz è stato fatto 623 volte
  • Il punteggio medio è 11 su 20
Statistiche sulle risposte
Hint Risposta % Corretto
Appellativo di Lorenzo de' Medici, signore di Firenze Il Magnifico
94%
Marchio di orologi che sponsorizza da anni Wimbledon (e gli altri tornei del Grand Slam) Rolex
93%
Pittore, scultore architetto e poeta, autore della Pietà Michelangelo Buonarroti
90%
Segnale di richiesta di soccorso SOS
86%
Primo libro della Bibbia Genesi
81%
Unica donna italiana a vincere un premio Nobel in un campo scientifico Rita Levi-Montalcini
62%
Sistema di sicurezza montato sulle macchine moderne che impedisce il bloccaggio delle ruote ABS
61%
Città in cui sono avvenuti ben quattro eventi passati alla storia come defenestrazioni Praga
61%
Il terreno più costoso di Monopoly Parco della Vittoria
60%
Espressione latina traducibile come "modo di fare", oppure "metodo di lavoro" Modus operandi
59%
Piano politico-economico statunitense per la ricostruzione dell'Europa dopo la seconda guerra mondiale. Piano Marshall
58%
Tecnologia di telefonia mobile, oggetto di teorie complottistiche (a partire dalla sua diffusione nel 2019) 5G
56%
Fu arso vivo a Roma in piazza Campo de' Fiori Giordano Bruno
48%
Città in cui si è corso, fino al 2006, il Gran Premio di San Marino Imola
43%
Verbo utilizzato solo alla terza persona singolare, privo di un soggetto determinato Impersonale
32%
Nome del verso del cane Latrato
31%
Azienda italiana attiva nei settori della difesa, dell'aerospazio e della sicurezza Leonardo S.p.A.
29%
Fante pesantemente armato nell'antica Grecia Oplita
21%
Dispositivo che serve a fare suonare meno forte alcuni strumenti musicali Sordina
18%
Isola dei pirati di Salgari Mompracem
10%
Nessun quiz corrispondente trovato
Distribuzione punteggi
Percentuale di utenti per punteggio
Percentile per numero di risposta
I tuoi punteggi nel tempo
Non hai fatto questo quiz